Man's Search for Meaning (Record no. 12236)

MARC details
000 -LEADER
fixed length control field 00254nam a22000977a 4500
008 - FIXED-LENGTH DATA ELEMENTS--GENERAL INFORMATION
fixed length control field 230403b |||||||| |||| 00| 0 eng d
020 ## - INTERNATIONAL STANDARD BOOK NUMBER
International Standard Book Number 9781846041242
100 ## - MAIN ENTRY--PERSONAL NAME
Personal name Frankl E. Viktor
9 (RLIN) 7662
245 ## - TITLE STATEMENT
Title Man's Search for Meaning
260 ## - PUBLICATION, DISTRIBUTION, ETC. (IMPRINT)
Place of publication, distribution, etc. London
Name of publisher, distributor, etc. Rider
Date of publication, distribution, etc. 2008
Holdings
Withdrawn status Lost status Source of classification or shelving scheme Damaged status Koha normalized classification for sorting Not for loan Home library Current library Shelving location Date acquired Total Checkouts Full call number Barcode Date last seen Date last checked out Price effective from Koha item type
    Dewey Decimal Classification   FRA_150_000000000000000   Good Samaritan School Library Good Samaritan School Library FICTION 04/03/2023 3 FRA150 FRA17465 12/16/2025 04/26/2025 04/03/2023 BOOK

Powered by Koha